[Event "TCh-AUT 2001-2"]
[Site "Graz AUT"]
[Date "2002.01.17"]
[Round "5"]
[White "Almasi,Z"]
[Black "Bischoff,K"]
[Result "1/2-1/2"]
[WhiteElo "2644"]
[BlackElo "2558"]

1.e4 c5 2.Nf3 d6 3.d4 cxd4 4.Nxd4 Nf6 5.Nc3 Nc6 6.Bg5 e6 7.Qd2 Qb6 8.Nb3 a6
9.O-O-O Qc7 10.f4 Be7 11.Be2 Bd7 12.Bxf6 gxf6 13.Bh5 Rf8 14.Qe3 b5 15.f5 O-O-O
16.Qh3 b4 17.Ne2 e5 18.Kb1 Kb8 19.Qd3 Qb6 20.Qd5 Rc8 21.Bxf7 Nd8 22.Be6 Nxe6
23.fxe6 Bb5 24.Ng3 Bc4 25.Qd2 Bxe6 26.Nf5 Bxf5 27.exf5 h5 28.Qd5 Rc7 29.Rd2 Rfc8
30.Rhd1 Ka7 31.Re2 Qc6 32.Qxc6 Rxc6 33.Nd4 R6c7 34.Ne6 Rc4 35.g3 Kb6 36.b3 Rg4
37.Rd3 h4 38.gxh4 Rxh4 39.Rg2 Rch8 40.Rdd2 Kc6 41.Rg7 R8h7 42.Rg8 Rh8 43.Rg7 R8h7
44.Rg8 Rh8  1/2-1/2

[Event "TCh-AUT 2001-2"]
[Site "Graz AUT"]
[Date "2002.01.18"]
[Round "6"]
[White "Almasi,Z"]
[Black "Hickl,J"]
[Result "1-0"]
[WhiteElo "2644"]
[BlackElo "2601"]

1.e4 g6 2.d4 d6 3.Nc3 c6 4.f4 d5 5.e5 h5 6.Nf3 Bg4 7.h3 Bxf3 8.Qxf3 h4 9.Bd3 e6
10.Be3 Nh6 11.O-O Nd7 12.Ne2 Nf5 13.Bf2 a5 14.b3 a4 15.c4 axb3 16.axb3 Be7
17.cxd5 cxd5 18.Rxa8 Qxa8 19.Rc1 Qd8 20.Bxf5 gxf5 21.Qd3 Qb6 22.Rc8+ Bd8
23.Be1 f6 24.Kh2 Kf7 25.Ng1 Nf8 26.Ra8 Qc7 27.Ba5 b6 28.Qa6 Be7 29.Rc8 Qd7
30.Bxb6 Ng6 31.Rc7 Qd8 32.Rb7 Qa8 33.Qxa8 Rxa8 34.Bc5 fxe5 35.fxe5 Ke8 36.Bxe7 Nxe7
37.Nf3 Nc6 38.b4 Ra4 39.Rc7 Nxb4 40.Nxh4 Nd3 41.Ng6 Rxd4 42.Re7+ Kd8 43.Rxe6 Nf4
44.Rd6+ Ke8 45.Nxf4 Rxf4 46.Rxd5 Ke7 47.Kg3 Re4 48.Kf3 Ke6 49.Rd3 Ra4 50.Re3 Rb4
51.Re2 Ra4 52.g3 Rb4 53.h4 Rb3+ 54.Re3 Rb4 55.h5 Rb8 56.Kf4 Rg8 57.Re1 Rg4+
58.Kf3 Rg5 59.Rh1  1-0

[Event "Bundesliga 2002-3"]
[Site "Erfurt GER"]
[Date "2002.10.19"]
[Round "1"]
[White "Almasi,Z"]
[Black "Luther,T"]
[Result "1/2-1/2"]
[WhiteElo "2672"]
[BlackElo "2538"]

1.e4 Nf6 2.e5 Nd5 3.d4 d6 4.Nf3 dxe5 5.Nxe5 c6 6.Be2 Bf5 7.g4 Be6 8.f4 f6
9.Nd3 Bf7 10.O-O Qb6 11.Nf2 e5 12.fxe5 fxe5 13.c4 Nf4 14.c5 Qc7 15.Bxf4 exf4
16.Nd2 Be7 17.Bc4 O-O 18.Bxf7+ Rxf7 19.Qb3 Nd7 20.Nf3 Rf8 21.Ne4 Qc8 22.Kh1 Nf6
23.Neg5 Nxg4 24.Nxf7 Rxf7 25.Rae1 Bf6 26.Ne5 Bxe5 27.dxe5 Qf5 28.e6 Re7 29.Re2 g5
30.Qc4 h6 31.b4 Kg7 32.Qd4+ Kg6 33.Qd6 Qd5+ 34.Qxd5 cxd5 35.b5 Ne3 36.Rc1 Kf6
37.c6 bxc6 38.bxc6 Rc7 39.Rb2 Kxe6 40.Rb7 Kd6 41.Kg1 d4 42.Kf2 d3 43.Rb3 Ng4+
44.Kf3 Ne5+ 45.Ke4 Ke6 46.Rc5 Ng4 47.Kxd3 Nxh2 48.Rb7 Kd6 49.Rxc7 Kxc7 50.Ke4 Ng4
51.Ra5 Kxc6 52.Rxa7 Kc5 53.Rb7 Nf6+ 54.Kf3 Ne8 55.Rh7 Kb4 56.Rxh6 Nc7 57.Rc6 Nd5
58.Ra6 Nc3 59.Ra8 Kb5 60.Ra3 Kc4 61.Ra8 Kb4 62.Kg4 Kc4 63.Ra3 Kd3 64.Kf3 Kc4
65.Ra7 Kb4 66.Ra8 Kb5 67.a3 Nd5 68.Ke4 Ne3 69.Ra7 Nc4 70.Kd4 Ne3 71.Ra8 g4
72.Ke4 g3 73.Kxf4 g2 74.Rg8 Nc2 75.Rxg2 Nxa3 76.Ke5 Kc5 77.Ke4 Nb5 78.Rg5+ Kc4  1/2-1/2

[Event "Amber Blindfold"]
[Site "Monte Carlo MNC"]
[Date "2003.03.17"]
[Round "3"]
[White "Almasi,Z"]
[Black "Leko,P"]
[Result "1/2-1/2"]
[WhiteElo "2676"]
[BlackElo "2736"]

1.d4 Nf6 2.c4 e6 3.Nf3 b6 4.g3 Ba6 5.Qa4 Bb7 6.Bg2 c5 7.dxc5 Bxc5 8.O-O Be7
9.Nc3 O-O 10.Bf4 Na6 11.Rfd1 Nc5 12.Qc2 Qc8 13.Rd4 d5 14.cxd5 exd5 15.Rdd1 Nce4
16.Rac1 Bc5 17.Nd4 Re8 18.e3 Nxc3 19.Qxc3 Ne4 20.Qe1 Qd7 21.Nb3 Qa4 22.Nxc5 bxc5
23.f3 Nf6 24.Rxc5 Qxa2 25.Qb4 Ba6 26.Ra5 Qc4 27.Qd2 Qe2 28.Qd4 Bc4 29.Raa1 Qc2
30.Rd2 Qg6 31.e4 a6 32.Re1 h6 33.g4 Rac8 34.e5 Nd7 35.Bg3 Nc5 36.Rdd1 Nb3
37.Qf2 Nc5 38.Re3 Nd3 39.Qd2 Qb6 40.Kh1 Nc5 41.Bf2 Nb3 42.Qe1 d4 43.Re4 Red8
44.Qg1 Qb7 45.Bxd4 Bd5 46.Rf4 g5 47.Rf6 Bc6 48.Bc3 Nc5 49.e6 Nxe6 50.Rxh6 Ng7
51.Rf1 Rd3 52.Rh3 Re8 53.Qc5 Bd5 54.Kg1 Qb5 55.Qxb5 axb5 56.Rg3 Ne6 57.Rh3 Nd4
58.Bxd4 Rxd4 59.Rh5 f6 60.h4 gxh4 61.Rxh4 Re2 62.Rf2 Rd1+ 63.Bf1 Bc4 64.Rh1 Ree1
65.Kg2 Kg7 66.Rg1 Rb1 67.Rh1 b4 68.Bxc4 Rxh1 69.Kg3 Rhd1 70.b3 Rbc1  1/2-1/2

[Event "Amber Blindfold"]
[Site "Monte Carlo MNC"]
[Date "2003.03.20"]
[Round "5"]
[White "Shirov,A"]
[Black "Almasi,Z"]
[Result "0-1"]
[WhiteElo "2723"]
[BlackElo "2676"]

1.e4 e5 2.Nf3 Nc6 3.Bb5 Nf6 4.O-O Nxe4 5.d4 Nd6 6.Bxc6 dxc6 7.dxe5 Nf5 8.Qxd8+ Kxd8
9.Nc3 Ne7 10.h3 h6 11.Ne4 Bf5 12.Re1 Nd5 13.Nd4 Bg6 14.Bd2 c5 15.Nb5 a6 16.Na3 Kc8
17.Rad1 Nb4 18.Bxb4 cxb4 19.Nc4 a5 20.Rd5 b6 21.Ned6+ Kb8 22.Nb5 Bc5 23.Rd7 Rc8
24.Ncd6 cxd6 25.exd6 a4 26.Ree7 Ra5 27.Rb7+ Ka8 28.Na7 Bxd6 29.Nxc8 Bxe7
30.Nxb6+ Kxb7  0-1

[Event "Amber Blindfold"]
[Site "Monte Carlo MNC"]
[Date "2003.03.22"]
[Round "7"]
[White "Van Wely,L"]
[Black "Almasi,Z"]
[Result "1/2-1/2"]
[WhiteElo "2668"]
[BlackElo "2676"]

1.d4 Nf6 2.c4 e6 3.Nf3 b6 4.g3 Ba6 5.Qa4 c5 6.Bg2 Bb7 7.dxc5 Bxc5 8.O-O Be7
9.Nc3 O-O 10.Rd1 Na6 11.Bf4 Nc5 12.Qc2 Qc8 13.Rac1 Nce4 14.Nd4 Nxc3 15.Qxc3 a6
16.Qb3 Bxg2 17.Kxg2 Qb7+ 18.Qf3 Ra7 19.Qxb7 Rxb7 20.f3 Rc8 21.e4 d6 22.Ne2 Ne8
23.b3 Kf8 24.h4 h6 25.a4 Rc6 26.Be3 Nf6 27.b4 Nd7 28.Bf4 Rbc7 29.b5 axb5
30.axb5 Rxc4 31.Rxc4 Rxc4 32.Bxd6 Rc2 33.Kf1 Bxd6 34.Rxd6 Ke7 35.Rd1 e5 36.Rd3 Rb2
37.Nc3 Nf6 38.Nd5+ Nxd5 39.Rxd5 Ke6 40.g4 g6 41.g5 h5 42.Kg1 Rc2 43.Kf1 Rb2
44.Kg1 Ra2 45.Rd8 Ra5 46.Re8+ Kd6 47.Rd8+ Ke7 48.Rd5 Ke6 49.Kf2 Ra2+ 50.Ke3 Rb2
51.Kd3 Rb3+  1/2-1/2

[Event "Amber Blindfold"]
[Site "Monte Carlo MNC"]
[Date "2003.03.25"]
[Round "9"]
[White "Anand,V"]
[Black "Almasi,Z"]
[Result "1-0"]
[WhiteElo "2753"]
[BlackElo "2676"]

1.e4 e5 2.Nf3 Nc6 3.Bb5 Nf6 4.O-O Nxe4 5.d4 Nd6 6.Bxc6 dxc6 7.dxe5 Nf5 8.Qxd8+ Kxd8
9.Nc3 Ne7 10.h3 h6 11.b3 Ng6 12.Bb2 Bd7 13.Rad1 Kc8 14.Rfe1 Nf4 15.Nd4 a5
16.Nce2 Ne6 17.Nxe6 Bxe6 18.Nd4 a4 19.Nxe6 fxe6 20.Re4 axb3 21.axb3 Ra2 22.Bc3 b5
23.Rd2 Be7 24.g3 c5 25.Rde2 Rd8 26.Kg2 Rd1 27.Be1 g5 28.c4 Rxe2 29.Rxe2 bxc4
30.bxc4 Rd4 31.Rc2 Re4 32.Bd2 h5 33.Kf3 Rd4 34.g4 hxg4+ 35.hxg4 Rd3+ 36.Be3 Ra3
37.Rc1 Kd8 38.Ke2 Ra2+ 39.Kd3 Ra3+ 40.Kc2 Ke8 41.Rh1 Ra2+ 42.Kb3 Re2 43.Ra1 Kd7
44.Kc3 Bf8 45.Kd3 Rb2 46.Rd1 Ke8 47.Rd2 Rb3+ 48.Ke2 Be7 49.Ra2 Rc3 50.Ra4 Kd7
51.Kd2 Rb3 52.Ra8 Rb2+ 53.Kc3 Re2 54.Rg8 Ra2 55.Kd3 Ra3+ 56.Kc2 Ra2+ 57.Kb3 Re2
58.Rg7 Kd8 59.Ka4 Ra2+ 60.Kb3 Re2 61.Rh7 Ke8 62.Kc3 Ra2 63.Rh8+ Kd7 64.Rg8 Re2
65.Kd3 Ra2 66.f3 Ra3+ 67.Ke4 Rc3 68.Rg7 Kd8 69.Bxg5 Rxc4+ 70.Ke3 Bxg5+ 71.Rxg5 Rc3+
72.Ke2 Kd7 73.f4 Rc4 74.Ke3 Rc3+ 75.Kd2 Rc4 76.f5 exf5 77.gxf5 Re4 78.e6+ Ke8
79.Rg8+ Ke7 80.Rg7+ Ke8 81.Rxc7 c4 82.Kc3 Rf4 83.Rf7 Re4 84.Kb4 Kd8 85.Rd7+ Ke8
86.Kc5 Rf4 87.Rc7 Kd8 88.Kd6 Rd4+ 89.Ke5 Rh4 90.Rc5 Ke8 91.Rc6 Kd8 92.f6 Rh5+
93.Kd6  1-0

[Event "53rd ch-HUN"]
[Site "Heviz HUN"]
[Date "2003.05.12"]
[Round "1"]
[White "Almasi,Z"]
[Black "Acs,P"]
[Result "1-0"]
[WhiteElo "2676"]
[BlackElo "2600"]

1.e4 c5 2.Nf3 d6 3.d4 cxd4 4.Nxd4 Nf6 5.Nc3 Nc6 6.Bg5 e6 7.Qd2 a6 8.O-O-O Bd7
9.f4 b5 10.Bxf6 gxf6 11.Nxc6 Bxc6 12.Qe1 Be7 13.Bd3 Qb6 14.f5 b4 15.Ne2 Qe3+
16.Kb1 Bxe4 17.fxe6 fxe6 18.Bxe4 Qxe4 19.Qf2 Rg8 20.Ng3 Qc6 21.Qe2 Kd7 22.Rhe1 d5
23.Nf5 Bc5 24.Qh5 Raf8 25.Qxh7+ Kc8 26.Ne7+ Bxe7 27.Qxe7 Re8 28.Qxf6 Rxg2
29.Rc1 Rxh2 30.c3 b3 31.axb3 Kb7 32.c4 Ka8 33.Red1 d4 34.Rxd4 Rb8 35.Rd8 Rh1
36.Rxh1 Qxh1+ 37.Ka2 Qc6 38.Rd4 Rc8 39.Qe5 Kb7 40.Rd6 Qc7 41.Rxe6 Qxe5 42.Rxe5 Rf8
43.b4  1-0

[Event "53rd ch-HUN"]
[Site "Heviz HUN"]
[Date "2003.05.15"]
[Round "4"]
[White "Almasi,Z"]
[Black "Varga,Zo"]
[Result "1-0"]
[WhiteElo "2676"]
[BlackElo "2533"]

1.e4 Nf6 2.e5 Nd5 3.d4 d6 4.Nf3 g6 5.Bc4 Nb6 6.Bb3 d5 7.c3 Bg7 8.Nbd2 a5
9.O-O O-O 10.Re1 Na6 11.Bc2 c5 12.a3 cxd4 13.cxd4 Nc7 14.h3 Ne6 15.Nf1 a4
16.h4 Bd7 17.h5 Rc8 18.g3 f5 19.hxg6 hxg6 20.Bd2 Nc4 21.Bc3 b5 22.Ne3 Bh6
23.Nxc4 Rxc4 24.Kg2 Kf7 25.Rh1 Rh8 26.Bd3 Rc8 27.Qe2 Qb6 28.Rh4 Bg7 29.Rah1 Rxh4
30.Rxh4 Rh8 31.Rxh8 Bxh8 32.Qe3 Bg7 33.Nh4 Bf8 34.g4 Ng7 35.Qg5 Qe6 36.Bb4 Bc8
37.Kh2 Bd7 38.Bc5 Qc6 39.gxf5 gxf5 40.Nxf5 Qe6 41.Ne3 Qh3+ 42.Kg1 Be6 43.Qg6+ Kg8
44.Bxb5  1-0

[Event "53rd ch-HUN"]
[Site "Heviz HUN"]
[Date "2003.05.16"]
[Round "5"]
[White "Cao,S"]
[Black "Almasi,Z"]
[Result "0-1"]
[WhiteElo "2531"]
[BlackElo "2676"]

1.e4 e5 2.Nf3 Nc6 3.Bb5 Nf6 4.Bxc6 dxc6 5.d3 Bd6 6.Nbd2 Bg4 7.h3 Bh5 8.g4 Bg6
9.Nc4 Nd7 10.Bd2 Qe7 11.Qe2 O-O-O 12.O-O-O c5 13.Ne3 Qe6 14.Kb1 f6 15.h4 Bf7
16.b3 Nb8 17.h5 h6 18.Nf5 Rhg8 19.N3h4 Nc6 20.Qf1 a5 21.a4 Nd4 22.Nxd4 cxd4
23.Bxa5 Kd7 24.Kb2 Ra8 25.Qe1 Rgb8 26.Nf5 Bf8 27.Bd2 b5 28.a5 c5 29.Ra1 c4
30.Bb4 c3+ 31.Bxc3 Rc8 32.Bxd4 exd4 33.Qd2 Qe5 34.b4 Rc3 35.f4 Qc7 36.Qf2 Ke8
37.Rhc1 Rc8 38.e5 Bxb4 39.exf6 gxf6 40.Nxd4 Qc5 41.Kb1 Rb3+  0-1

[Event "53rd ch-HUN"]
[Site "Heviz HUN"]
[Date "2003.05.20"]
[Round "9"]
[White "Portisch,L"]
[Black "Almasi,Z"]
[Result "1/2-1/2"]
[WhiteElo "2583"]
[BlackElo "2676"]

1.d4 Nf6 2.c4 e6 3.Nf3 b6 4.g3 Ba6 5.b3 Bb4+ 6.Bd2 Be7 7.Bg2 c6 8.Bc3 d5
9.Nbd2 Nbd7 10.O-O O-O 11.Rc1  1/2-1/2

[Event "TCh-BIH"]
[Site "Jahorina BIH"]
[Date "2003.06.21"]
[Round "1"]
[White "Ilincic,Z"]
[Black "Almasi,Z"]
[Result "1-0"]
[WhiteElo "2557"]
[BlackElo "2676"]

1.d4 Nf6 2.c4 e6 3.Nf3 b6 4.g3 Ba6 5.Qa4 Bb7 6.Bg2 c5 7.O-O cxd4 8.Nxd4 Bxg2
9.Kxg2 Qc7 10.Rd1 a6 11.Nc3 Be7 12.f3 Ra7 13.e4 O-O 14.Be3 Rc8 15.Rac1 d6
16.b4 Nbd7 17.Nd5 exd5 18.cxd5 Nc5 19.bxc5 dxc5 20.Nc6 Raa8 21.Bf4 Qb7 22.Qb3 Bf8
23.Bg5 Ne8 24.Be3 Rc7 25.a4 Nd6 26.Rb1 Rxc6 27.dxc6 Qxc6 28.Bf4 b5 29.Bxd6 Bxd6
30.Qd5 Qxd5 31.Rxd5 Bf8 32.axb5 axb5 33.Rxb5  1-0

[Event "TCh-BIH"]
[Site "Jahorina BIH"]
[Date "2003.06.22"]
[Round "2"]
[White "Almasi,Z"]
[Black "Ivanisevic,I"]
[Result "1/2-1/2"]
[WhiteElo "2676"]
[BlackElo "2569"]

1.e4 e5 2.Nf3 Nc6 3.Bb5 a6 4.Ba4 Nf6 5.O-O Be7 6.Re1 b5 7.Bb3 O-O 8.h3 Bb7
9.d3 Re8 10.a4 b4 11.a5 h6 12.Nbd2 Bf8 13.Nc4 g6 14.Bd2 Rb8 15.Qc1 Kh7 16.Ne3 Qe7
17.Nd5 Qd6 18.Nxf6+ Qxf6 19.Nh2 g5 20.c3 Qg6 21.Ng4 bxc3 22.bxc3 Bg7 23.Bc2 Kh8
24.Ne3 Ne7 25.Rb1 d6 26.g4 Qf6 27.Qd1 Bf8 28.Nf5 d5 29.Be3 Ng6 30.Ba7 dxe4
31.Bxb8 Rxb8 32.dxe4 Rd8 33.Qf3 Bc6 34.Red1 Re8 35.Bb3 Nf4 36.Bc4 Bc5 37.Rb2 Ra8
38.Rdb1 Ba7 39.Kh2 h5 40.Bxa6 Rd8 41.Bf1 hxg4 42.hxg4 Kh7 43.Rb7 Bc5 44.Rb8 Rd2
45.R8b2 Rxb2 46.Rxb2 Qh8 47.Kg1 Kg6 48.Rb4 Bxb4 49.cxb4 Bd7 50.a6 Kf6 51.a7 Bc6
52.Qe3 Qd8 53.Ng3 Qd4 54.Qa3 Ba8 55.Qa4 Ne6 56.Qe8 Qd8 57.Qxd8+ Nxd8 58.Bc4 Ke7
59.b5 Kd6 60.Bd5 Nb7 61.Nf5+ Kc5 62.Bc6 Kb6 63.Nh6 f6 64.Ng8 Kxa7 65.Nxf6 Nd6
66.f3 Bxc6 67.bxc6 Kb6 68.Nd7+ Kxc6 69.Nxe5+ Kc5 70.Kf2 Kd4 71.Nc6+ Kd3 72.e5 Ne8
73.f4 gxf4 74.Kf3 Kc4 75.Kxf4 Kd5 76.Ne7+ Ke6 77.Nf5 c5 78.g5 c4 79.Ke4 c3
80.g6 Nc7 81.Nd6 Nd5 82.Nb5 Nf6+ 83.Kf4 Nd5+ 84.Ke4 Nf6+ 85.Kf4 Nd5+ 86.Kg5 Ne7
87.g7 Kf7 88.Nxc3 Kxg7 89.e6 Nc6 90.Nb5 Nd8 91.e7 Ne6+ 92.Kf5 Kf7  1/2-1/2

[Event "TCh-BIH"]
[Site "Jahorina BIH"]
[Date "2003.06.22"]
[Round "3"]
[White "Maksimenko,A"]
[Black "Almasi,Z"]
[Result "1/2-1/2"]
[WhiteElo "2506"]
[BlackElo "2676"]

1.d4 Nf6 2.c4 e6 3.Nf3 b6 4.g3 Ba6 5.Qa4 Bb7 6.Bg2 c5 7.dxc5 bxc5 8.Nc3 Be7
9.O-O O-O 10.Rd1 d6 11.Bf4 Qb6 12.Rab1 Na6 13.a3 Rac8 14.Qb5 Rfd8 15.b4 cxb4
16.axb4 Ne4 17.Nxe4 Bxe4 18.Ra1 Nxb4 19.Be3 Qxb5 20.cxb5 Bf6 21.Rxa7 Rb8
22.Nd4 Bxg2 23.Kxg2 Bxd4 24.Rxd4 Nc2 25.Rf4 Nxe3+  1/2-1/2

[Event "TCh-BIH"]
[Site "Jahorina BIH"]
[Date "2003.06.24"]
[Round "6"]
[White "Markus,R"]
[Black "Almasi,Z"]
[Result "1/2-1/2"]
[WhiteElo "2472"]
[BlackElo "2676"]

1.d4 Nf6 2.c4 e6 3.Nf3 b6 4.g3 Ba6 5.b3 d5 6.Bg2 Bb4+ 7.Bd2 Bd6 8.cxd5 exd5
9.O-O O-O 10.Nc3 Re8 11.Bg5 Nbd7 12.Qc2 h6 13.Bf4 Qe7 14.Bxd6 Qxd6 15.Rfd1 c6  1/2-1/2

[Event "54th ch-HUN"]
[Site "Budapest HUN"]
[Date "2004.08.25"]
[Round "7"]
[White "Flumbort,A"]
[Black "Almasi,Z"]
[Result "0-1"]
[WhiteElo "2493"]
[BlackElo "2644"]

1.d4 e6 2.c4 Nf6 3.Nf3 c5 4.Nc3 cxd4 5.Nxd4 Bb4 6.g3 Ne4 7.Qd3 Bxc3+ 8.bxc3 Nc5
9.Qf3 d6 10.Bg2 Nbd7 11.O-O Ne5 12.Qf4 Bd7 13.Nb5 Bxb5 14.cxb5 O-O 15.Rd1 Rc8
16.Qd4 Qa5 17.Qb4 Qb6 18.a4 a5 19.Qd4 Qc7 20.Ba3 Nb3 21.Qxd6 Nxa1 22.Qxc7 Rxc7
23.Bxf8 Kxf8 24.Rxa1 b6 25.f4 Nd7 26.Bc6 Nb8 27.Kf2 Nxc6 28.bxc6 Rxc6 29.Ra3 Ke7
30.Ke3 Kd7 31.Kd3 Rd6+ 32.Kc2 e5 33.fxe5 Rd5 34.e6+ fxe6 35.c4 Re5 36.Kd3 Rf5
37.Ra1 Kc6 38.Ke3 Rh5 39.h4 g5 40.hxg5 Rxg5 41.Kf4 Rf5+ 42.Ke4 h5 43.Rb1 Rc5
44.Rc1 Rg5 45.Kf3 e5 46.Rb1 e4+ 47.Kf2 Rg4 48.Rb5 e3+ 49.Kxe3 Rxc4 50.Rxh5 Rxa4
51.Rg5 Rb4 52.Kd3 a4 53.Kc3 Rb3+ 54.Kc2 b5 55.e4 Re3 56.e5 Kd5 57.e6+ Kc4
58.Rg4+ Kc5 59.Rg5+ Kb4 60.Rg4+ Ka3  0-1

[Event "TCh-HUN 2005-6"]
[Site "Hungary HUN"]
[Date "2005.12.04"]
[Round "5"]
[White "Balogh,C"]
[Black "Almasi,Z"]
[Result "1-0"]
[WhiteElo "2567"]
[BlackElo "2640"]

1.e4 e5 2.Nf3 Nc6 3.Bb5 Nf6 4.O-O Nxe4 5.Re1 Nd6 6.Nxe5 Be7 7.Bf1 O-O 8.d4 Nf5
9.c3 Nxe5 10.Rxe5 d6 11.Re1 d5 12.Nd2 Bd6 13.Nf3 Nh4 14.g3 Ng6 15.Bg5 f6
16.Bd2 c6 17.c4 dxc4 18.Bxc4+ Kh8 19.Qb3 Qc7 20.Re3 Bd7 21.Bb4 Bxb4 22.Qxb4 Rad8
23.Bd3 Qb6 24.Qa3 f5 25.Bc4 f4 26.Rb3 Qc7 27.Qxa7 Bc8 28.Re1 fxg3 29.hxg3 Qd6
30.Ne5 Nxe5 31.dxe5 Qd2 32.Qe3 b5 33.e6 Qxe3 34.Rbxe3 Rde8 35.Bf1 Rf6 36.Bh3 g6
37.Rc1 Bb7 38.Rd1 Bc8 39.b4 Kg7 40.Rd6  1-0

[Event "TCh-FRA Top 16 Gp B"]
[Site "Gonfreville FRA"]
[Date "2006.03.31"]
[Round "5"]
[White "Almasi,Z"]
[Black "Azzam,A"]
[Result "1-0"]
[WhiteElo "2646"]
[BlackElo "1947"]

1.e4 e6 2.d4 d5 3.Nc3 dxe4 4.Nxe4 Nd7 5.Nf3 Ngf6 6.Nxf6+ Nxf6 7.c3 a6 8.Bg5 h6
9.Bh4 c5 10.Bd3 cxd4 11.Nxd4 Be7 12.Qe2 Nd5 13.Bg3 Qa5 14.O-O O-O 15.a3 Qd8
16.Rad1 Bd6 17.c4 Bxg3 18.cxd5 e5 19.hxg3 exd4 20.Qe4 g6 21.Qxd4 Qd6 22.Rfe1 Rd8
23.Bb1 Bd7 24.Re3 Re8 25.Rb3 b5 26.Rf3 f5 27.g4 Re5 28.gxf5 Rae8 29.g3 gxf5
30.Kg2 R8e7 31.Qf4 Qf6 32.d6 Rg7 33.Rc3 Rg4 34.Qf3 f4 35.Rc7 Re3 36.Qd5+ Be6
37.Qa8+  1-0

[Event "TCh-FRA Top 16 Gp B"]
[Site "Gonfreville FRA"]
[Date "2006.04.01"]
[Round "6"]
[White "Almasi,Z"]
[Black "Schmitt,An"]
[Result "1-0"]
[WhiteElo "2646"]
[BlackElo "2282"]

1.e4 c5 2.Nf3 Nc6 3.d4 cxd4 4.Nxd4 g6 5.c4 Bg7 6.Be3 Nf6 7.Nc3 d6 8.Be2 O-O
9.O-O Bd7 10.Nc2 a6 11.f3 Rc8 12.Qd2 Kh8 13.Rfd1 Be6 14.Nd5 Nd7 15.Rab1 f5
16.Nf4 Bg8 17.exf5 Rxf5 18.Bd3 Rf8 19.b3 Qa5 20.Qxa5 Nxa5 21.Nd5 Nc6 22.Bf1 Nf6
23.Nb6 Rcd8 24.b4 d5 25.b5 Nb8 26.bxa6 Nxa6 27.c5 Nb8 28.Bf4 Nbd7 29.Bc7 Nxc5
30.Bxd8 Rxd8 31.Nd4 e5 32.Rbc1 Nfd7 33.Nxd7 Rxd7 34.Nb3 b6 35.Bb5 Ra7 36.Rd2 Nd7
37.Rc8  1-0

[Event "TCh-FRA Top 16 Gp B"]
[Site "Gonfreville FRA"]
[Date "2006.04.02"]
[Round "7"]
[White "Sharif,Me"]
[Black "Almasi,Z"]
[Result "0-1"]
[WhiteElo "2467"]
[BlackElo "2646"]

1.Nf3 Nf6 2.g3 d5 3.Bg2 c6 4.O-O Bg4 5.c4 e6 6.d3 Nbd7 7.cxd5 cxd5 8.Nc3 Be7
9.h3 Bxf3 10.Bxf3 O-O 11.e4 dxe4 12.dxe4 Ne5 13.Bg2 Bc5 14.Bf4 Ng6 15.e5 Nd7
16.Na4 Nxf4 17.gxf4 Be7 18.Bxb7 Rb8 19.Bc6 Nb6 20.b3 Nxa4 21.Bxa4 Rb4 22.Qf3 Qd2
23.Qe3 Rd8 24.Qxd2 Rxd2 25.Rfd1 Rxd1+ 26.Rxd1 Rxf4 27.Kg2 g5 28.Rc1 Kg7 29.f3 Bd8
30.Bc6 Rd4 31.Be4 Rd2+ 32.Kg3 Rxa2 33.f4 h6 34.Rc2 Ra1 35.Re2 Rf1 36.fxg5 hxg5
37.Bf3 Rb1 38.Re3 Bb6 39.Rd3 Rg1+ 40.Kh2 Re1 41.Rd7 Rxe5 42.Bh5 Rf5 43.Kg3 Rf4
44.Rb7 e5  0-1

[Event "TCh-HUN 2005-6"]
[Site "Hungary HUN"]
[Date "2006.04.09"]
[Round "10"]
[White "Almasi,Z"]
[Black "Gyimesi,Z"]
[Result "1-0"]
[WhiteElo "2657"]
[BlackElo "2614"]

1.e4 e5 2.Nf3 Nc6 3.Bb5 a6 4.Ba4 Nf6 5.O-O Be7 6.Re1 b5 7.Bb3 O-O 8.c3 d5
9.exd5 Nxd5 10.Nxe5 Nxe5 11.Rxe5 c6 12.d4 Bd6 13.Re1 Qh4 14.g3 Qh3 15.Re4 g5
16.Qf1 Qh5 17.Nd2 f5 18.Re1 f4 19.Ne4 fxg3 20.hxg3 Bg4 21.Bxg5 Bxg3 22.Nxg3 Qxg5
23.Re5 Qh4 24.Rxd5 cxd5 25.Bxd5+ Kh8 26.Bxa8 Rxa8 27.Qe1 Rg8 28.Qe5+ Rg7
29.Re1 Bd7 30.Re4 Qh3 31.Qf6  1-0

[Event "4th Marx György Mem"]
[Site "Paks HUN"]
[Date "2006.07.29"]
[Round "2"]
[White "Almasi,Z"]
[Black "Acs,P"]
[Result "1/2-1/2"]
[WhiteElo "2672"]
[BlackElo "2520"]

1.e4 e5 2.Nf3 Nc6 3.Bb5 a6 4.Ba4 Nf6 5.O-O Nxe4 6.d4 b5 7.Bb3 d5 8.dxe5 Be6
9.Be3 Be7 10.c3 Nc5 11.Bc2 Nd7 12.Re1 Ndxe5 13.Nxe5 Nxe5 14.Bd4 f6 15.Bxe5 fxe5
16.Rxe5 Bf7 17.Qe2 Kf8 18.Nd2 Bf6 19.Re3 g6 20.Nf3 Kg7 21.Ne5 Bxe5 22.Rxe5 Qf6
23.Qe3 c5 24.f4 Rac8 25.Bb3 Rhd8 26.Rd1 d4 27.cxd4 Bxb3 28.axb3 cxd4 29.Qd3 Qxf4
30.Re7+ Kh8 31.Re4 Qd6 32.h3 Rc7 33.Rxd4 Qxd4+ 34.Qxd4+ Rxd4 35.Rxd4 Rc2
36.Rd6 Rxb2 37.Rxa6 Rxb3 38.Rb6 g5 39.Rb7 h5 40.Kf2 h4 41.Rd7 b4 42.Rb7 Kg8  1/2-1/2

[Event "4th Marx György Mem"]
[Site "Paks HUN"]
[Date "2006.08.01"]
[Round "5"]
[White "Efimenko,Z"]
[Black "Almasi,Z"]
[Result "1/2-1/2"]
[WhiteElo "2632"]
[BlackElo "2672"]

1.e4 e5 2.Nf3 Nc6 3.Bb5 Nf6 4.O-O Nxe4 5.d4 Nd6 6.Bxc6 dxc6 7.dxe5 Nf5 8.Qxd8+ Kxd8
9.Nc3 Bd7 10.b3 Be7 11.Bb2 a5 12.Rad1 Kc8 13.a4 h5 14.Rd3 b6 15.Rfd1 Be8
16.h3 Kb7 17.Ne2 c5 18.c4 Bc6 19.Nc3 Rae8 20.Nd5 Bd8 21.Re1 Rhg8 22.Nd2 Nh4
23.g3 Ng6 24.h4 Re6 25.Ree3 Rge8 26.f4 Ne7 27.Nxe7 R6xe7 28.Kf2 Bd7 29.e6 Rxe6
30.Rxe6 Bxe6 31.Bxg7 Bg4 32.Re3 Rxe3  1/2-1/2

[Event "4th Marx György Mem"]
[Site "Paks HUN"]
[Date "2006.08.03"]
[Round "6"]
[White "Almasi,Z"]
[Black "Berkes,F"]
[Result "1/2-1/2"]
[WhiteElo "2672"]
[BlackElo "2601"]

1.e4 c5 2.Nf3 d6 3.d4 cxd4 4.Nxd4 Nf6 5.Nc3 a6 6.Be3 e5 7.Nf3 Be7 8.Bc4 O-O
9.O-O Be6 10.Bb3 Nc6 11.Bg5 Nd7 12.Bxe7 Qxe7 13.Nd5 Bxd5 14.Bxd5 Nf6 15.c3 Rac8
16.Re1 Nb8 17.Bb3 Nbd7 18.Nd2 Nc5 19.Bc2 Rfd8 20.Qe2 b5 21.Qf3 Ne6 22.Bb3 Nc5
23.Nf1 g6 24.Rad1  1/2-1/2

[Event "15th TCh-CRO"]
[Site "Sibenik CRO"]
[Date "2006.09.22"]
[Round "1"]
[White "Movsesian,S"]
[Black "Almasi,Z"]
[Result "1/2-1/2"]
[WhiteElo "2637"]
[BlackElo "2672"]

1.e4 e5 2.Nf3 Nc6 3.Bb5 a6 4.Ba4 Nf6 5.O-O Be7 6.Re1 b5 7.Bb3 O-O 8.h3 Bb7
9.d3 d6 10.a3 Qd7 11.Nc3 Rfe8 12.Nd5 Nxd5 13.exd5 Nd4 14.Nxd4 exd4 15.Bd2 Bf6
16.Qg4 Qxg4 17.hxg4 h6  1/2-1/2

[Event "15th TCh-CRO"]
[Site "Sibenik CRO"]
[Date "2006.10.02"]
[Round "11"]
[White "Almasi,Z"]
[Black "Pavasovic,D"]
[Result "1-0"]
[WhiteElo "2672"]
[BlackElo "2564"]

1.e4 e5 2.Nf3 Nc6 3.Bb5 a6 4.Ba4 Nf6 5.O-O Be7 6.Re1 b5 7.Bb3 d6 8.c3 O-O
9.h3 Rb8 10.d4 exd4 11.cxd4 d5 12.e5 Ne4 13.Nc3 Nxc3 14.bxc3 Bf5 15.Bc2 Qd7
16.Bg5 Bxc2 17.Qxc2 Nd8 18.Be3 Ne6 19.Nh2 c5 20.f4 Rfc8 21.Qd3 c4 22.Qc2 b4
23.cxb4 Rxb4 24.f5 Ng5 25.f6 gxf6 26.exf6 Bxf6 27.Ng4 Ne4 28.Qxe4  1-0

[Event "TCh-BIH"]
[Site "Vogosca BIH"]
[Date "2007.06.03"]
[Round "2"]
[White "Almasi,Z"]
[Black "Ilincic,Z"]
[Result "1-0"]
[WhiteElo "2675"]
[BlackElo "2488"]

1.e4 e5 2.Nf3 Nf6 3.Nxe5 d6 4.Nf3 Nxe4 5.Nc3 Nf6 6.d4 d5 7.Bg5 c6 8.Bd3 h6
9.Bh4 Qe7+ 10.Ne5 g5 11.Bg3 h5 12.h4 g4 13.O-O Be6 14.f4 gxf3 15.Qxf3 Bg7
16.Rae1 Nbd7 17.Bf5 Nf8 18.Na4 N6d7 19.Nxf7 Qxf7 20.Bxe6 Bxd4+ 21.Kh2 Qxf3
22.Rxf3 Nxe6 23.Rxe6+ Kd8 24.c3 Bg7 25.Rf7 Bf8 26.b4 Rg8 27.Bd6 b6 28.Nb2 a5
29.Nd3 axb4 30.Nxb4 c5 31.Nc6+ Kc8 32.Re8+ Kb7 33.Rxd7+ Kxc6 34.Rxa8 Kxd7
35.Rxf8  1-0

[Event "TCh-BIH"]
[Site "Vogosca BIH"]
[Date "2007.06.06"]
[Round "5"]
[White "Ivanisevic,I"]
[Black "Almasi,Z"]
[Result "0-1"]
[WhiteElo "2614"]
[BlackElo "2675"]

1.d4 Nf6 2.c4 e6 3.Nc3 Bb4 4.Qc2 d5 5.a3 Bxc3+ 6.Qxc3 Ne4 7.Qc2 c5 8.dxc5 Nc6
9.e3 Qa5+ 10.Bd2 Qxc5 11.b4 Qe7 12.Bc1 a5 13.b5 Ne5 14.Bb2 Ng4 15.Nh3 O-O
16.Be2 e5 17.O-O Ngf6 18.f4 Bxh3 19.fxe5 Ng4 20.cxd5 f5 21.exf6 Nexf6 22.Rf3 Bxg2
23.Bc4 Bxf3 24.d6+ Qf7 25.Bxf7+ Rxf7 26.Rc1 Nd7 27.Qb3 Re8 28.Bd4 Nge5 29.Rc7 Be4
30.Bxe5 Rxe5 31.h4 Rd5 32.Rc8+ Nf8 33.Re8 Bf3 34.e4 Rxd6 35.Qc4 Rg6+ 36.Kh2 Bg4
37.h5 Rh6 38.Kg3 Be6 39.Qc5 Rhf6 40.Qe5 h6 41.a4 Rf3+ 42.Kg2 Rf2+ 43.Kg1 Bh3
44.Qd5 Kh7 45.Qc4 Rg2+ 46.Kh1 Rff2 47.Rxf8 Rh2+  0-1

[Event "TCh-ESP Honor Gp2"]
[Site "Torrelavega ESP"]
[Date "2007.06.27"]
[Round "1"]
[White "Harikrishna,P"]
[Black "Almasi,Z"]
[Result "1/2-1/2"]
[WhiteElo "2650"]
[BlackElo "2675"]

1.d4 Nf6 2.Nf3 e6 3.Bg5 h6 4.Bh4 c5 5.e3 b6 6.Nbd2 Bb7 7.c3 Be7 8.Bd3 O-O
9.Qe2 Nc6 10.a3 d5 11.Bg3 Rc8 12.Rd1 cxd4 13.exd4 Re8 14.h3 Bd6 15.Bxd6 Qxd6
16.Ne5 Nd7 17.Nxd7 Qxd7 18.f4 Ne7 19.g4 Nf5 20.Qf3 Nd6 21.O-O Nc4 22.Nxc4 dxc4
23.Be4 Bxe4 24.Qxe4 Rcd8 25.Rde1 Qd5 26.Qc2 Qc6 27.Re3 Rd5 28.Qg2 Red8 29.f5 R8d6
30.fxe6 Rxe6 31.Rfe1 Rxe3 32.Rxe3 Qd6 33.Qe2 b5 34.Re8+ Kh7 35.Qe4+ g6 36.Kg2 h5
37.Qf3 Kg7 38.Re4 a5 39.Qf4 Qd7 40.Re5 hxg4 41.hxg4 f6 42.Rxd5 Qxd5+ 43.Kf2 Qh1
44.g5 fxg5 45.Qe5+ Kf7 46.Qxg5 Qe4 47.Qe3 Qc2+ 48.Qe2 Qc1 49.Kg3 g5 50.Qf3+ Kg6
51.Qe4+ Kf6 52.Qc6+ Kg7 53.Qd7+ Kg6 54.Qe6+  1/2-1/2

[Event "TCh-HUN 2007-8"]
[Site "Budapest HUN"]
[Date "2008.04.27"]
[Round "10"]
[White "Almasi,Z"]
[Black "Istratescu,A"]
[Result "1-0"]
[WhiteElo "2691"]
[BlackElo "2631"]

1.e4 c5 2.Nf3 e6 3.d4 cxd4 4.Nxd4 a6 5.Bd3 Nf6 6.O-O Qc7 7.Qe2 d6 8.c4 g6
9.Nc3 Bg7 10.Rd1 O-O 11.Nf3 Nc6 12.h3 Nd7 13.Be3 Nde5 14.Rac1 Nxf3+ 15.Qxf3 Bd7
16.Bf1 Rac8 17.Qg3 Ne5 18.Bd4 Bc6 19.Qe3 Rfe8 20.f4 Nd7 21.Bxg7 Kxg7 22.b4 Nb6
23.Qd4+ e5 24.Qxd6 exf4 25.b5 Bd7 26.bxa6 bxa6 27.Qd4+ Re5 28.Rb1 Na4 29.Rb7 Qc5
30.Qxc5 Nxc5 31.Rbxd7 Nxd7 32.Rxd7 Rb8 33.Rd2 Ra5 34.Nd5 g5 35.Bd3 f6 36.Rc2 Rc5
37.Re2 Ra5 38.e5 fxe5 39.Rxe5 h6 40.Re7+  1-0